000 00946cam a22003017a 4500
003 CHAP
005 20220329142120.0
008 971013d1992 mx a r 00110 spa d
010 _a78657
011 _a79629
020 _a847114641X
035 _a89999
040 _cCHAP
082 0 4 _a631.585
_bR48Y 1996
100 0 0 _aResh, Howard M.
_996111
245 1 0 _aCultivos hidropónicos :
_bnuevas técnicas de producción
_c/por Howard M. Resh
260 _aMadrid :
_bMundi-Prensa,
_c1997.
300 _a509 p. :
_bilus.
500 _aTrad. de la 5 ed. en inglés de 1996.
590 _aBATCH-UPD
_b10
_c20130110
_lUCH01
_h0916
590 _aBATCH-UPD
_b10
_c20130914
_lUCH01
_h1616
590 _aCONVERSION
_b10
_c20130109
_lUCH01
_h1344
650 1 4 _aHidroponía.
_955280
901 _aBK
905 _aGuadalupe Pinto C.
942 _cLIBRO
949 _a631.585 R48Y 1996
_bBC
_cLIBRO
_d33724000729380
_eLIBRO
_gI.198918
_h96090
_i89999
_si
_t$435.00
999 _c78657
_d78657